Statistiche per Riconosci il Calciatore - Quiz n°682

Clicka qui per fare il quiz!

Statistiche generali

  • Questo quiz è stato fatto 2 volte
  • Il punteggio medio è 8 su 28

Statistiche sulle risposte

IndizioRisposta% Corretto
Squadra di club 14Bari 2016-2019
100%
Squadra di club 13Bologna 2015-2016
100%
Squadra di club 1Imola 1994-1997
100%
Squadra di club 15Ischia 2022-2023
100%
Squadra di club 9Siena 2010-2012
100%
RuoloCentrocampista / Attaccante
50%
Squadra di club 12Cesena 2014-2015
50%
NazionalitàItalia
50%
Squadra di club 10Palermo 2012-2013
50%
Trofei per clubSerie C1: 1
Palermo: 2000-2001 (girone B)
Serie D: 1
Bari: 2018-2019 (girone I)
Eccellenza: 1
Ischia: 2022-2023 (girone A)
50%
Trofei individuali0
0%
Trofei per nazionali0
0%
Gol in nazionale0
0%
Gol nei club103
0%
Altezza172 cm
0%
Data di nascita19/03/1979
0%
Presenze in nazionale2
0%
Presenze nei club651
0%
Peso68 kg
0%
Squadra di club 4Ascoli 2002-2003
0%
Squadra di club 11Atalanta 2013-2014
0%
Squadra di club 2Foggia 1997-2000
0%
CalciatoreFranco Brienza
0%
Squadra di club 3Palermo 2000-2002
0%
Squadra di club 5Palermo 2003-2004
0%
Squadra di club 7Palermo 2004-2008
0%
Squadra di club 6Perugia 2004-2004
0%
Squadra di club 8Reggina 2008-2010
0%

Distribuzione punteggi

Percentile per numero di risposta

Percentuale di utenti per punteggio

I tuoi punteggi nel tempo

Non hai fatto questo quiz